01746nam a2200469 i 450000100060000000300080000600500170001400600190003100700150005000800410006502000180010602000270012403500230015103500240017403500250019803500220022304000310024505000230027608000080029908200170030710000390032424500720036326400530043530000460048833600310053433700330056533800430059850000230064150400290066458801240069359001590081765000240097665000350100065000160103565000340105165000340108565000320111965500270115179700190117885600620119799900170125984828FlNmELB20241217171336.0m o d | cr cnu||||||||170601s2016 mx ob 001 0 spa d z9786077444008 a9786077444855 (e-book) a(MiAaPQ)EBC4849861 a(Au-PeEL)EBL4849861 a(CaPaEBR)ebr11379392 a(OCoLC)1105393948 aFINmELBbspaerdacFINmELB 4aHD30.28bC577 2016 a6580 a658.40122231 aCipriano Luna González, Alfredo.10aPlan estratégico de negocios /cAlfredo Cipriano Luna González. 1aMéxico D.F. :bGrupo Editorial Patria,c[2016] a1 recurso en línea (xii, 275 páginas) atextobtxt2rdacontent/spa acomputadorabc2rdamedia/spa arecurso en líneabcr2rdacarrier/spa aContiene índice. aContiene bibliografía. aDescripción basada en recurso en línea; Título de la página del título en PDF (e-libro, visto June 01, 2017). aRecurso electronico. Santa Fe, Arg. : e-libro, 2016. Disponible via World Wide Web. El acceso puede ser limitado para las bibliotecas afiliadas a e-libro. 0aStrategic planning. 4aPlanificación estratégica. 0aManagement. 4aAdministración de empresas. 0aOrganizational effectiveness. 4aEfectividad organizacional. 4aLibros electrónicos.2 ae-libro, Corp.40uhttps://elibro.net/ereader/politecnicointernacional/40472 c84828d84828